Choosing a career. (Record no. 77057)

MARC details
000 -LEADER
fixed length control field 00352nam a2200133Ia 4500
008 - FIXED-LENGTH DATA ELEMENTS--GENERAL INFORMATION
fixed length control field 210210b1956 xxu||||| |||| 00| 0 eng d
082 ## - DEWEY DECIMAL CLASSIFICATION NUMBER
Classification number 070/24
100 ## - MAIN ENTRY--PERSONAL NAME
Personal name PHILIP (C T).
245 ## - TITLE STATEMENT
Title Choosing a career.
260 ## - PUBLICATION, DISTRIBUTION, ETC.
Place of publication, distribution, etc. London
Name of publisher, distributor, etc. Geoffrey Cumberlege Oxford University Press
Date of publication, distribution, etc. 1956
300 ## - PHYSICAL DESCRIPTION
Extent xi,146
690 ## - LOCAL SUBJECT ADDED ENTRY--TOPICAL TERM (OCLC, RLIN)
Topical term or geographic name as entry element Career & Counselling
906 ## - LOCAL DATA ELEMENT F, LDF (RLIN)
a 000542
Holdings
Withdrawn status Lost status Damaged status Not for loan Collection code Home library Current library Shelving location Date acquired Cost, normal purchase price Total Checkouts Full call number Barcode Date last seen Price effective from Koha item type
      Restricted Book   St Aloysius Library St Aloysius Library   02/17/2021 0.00   070/24 000542 02/17/2021 02/17/2021 Book